|
|
|
|
| LEADER |
00000nam a2200000 a 4500 |
| 001 |
vtls010424469 |
| 003 |
SK-MaSNL |
| 005 |
20260301214119.0 |
| 008 |
240315s2012 xo f 000 0 slo |
| 015 |
|
|
|a SNBA2012/08-04368
|
| 020 |
|
|
|a 9788071417354
|q (brož.)
|
| 035 |
|
|
|a 873DB0A5-D794-45CC-AFB1-D903D7B57F99
|
| 035 |
|
|
|a urn:nbn:sk:snk-amjkor
|
| 035 |
|
|
|a urn:nbn:sk:snk-am0013an
|
| 040 |
|
|
|a SNK
|b slo
|c SNK
|e AACR2
|
| 041 |
0 |
|
|a slo
|
| 044 |
|
|
|a xo
|c SK
|
| 072 |
|
7 |
|a 11
|x Metafyzika
|2 konspekt
|
| 080 |
|
|
|a 113/119
|2 2001
|
| 080 |
|
|
|a 524.8
|2 2001
|
| 080 |
|
|
|a 113
|2 2001
|
| 080 |
|
|
|a 2-172.2
|2 2001
|
| 080 |
|
|
|a 001:2-1
|2 2001
|
| 080 |
|
|
|a (048.8)
|2 2001
|
| 100 |
1 |
|
|a Rojka, Ľuboš,
|d 1965-
|4 aut
|9 101901
|
| 245 |
1 |
0 |
|a Stvorenie vesmíru z ničoho
|b Quentin Smith proti Wiliamovi Craigovi
|c Ľuboš Rojka
|
| 246 |
3 |
0 |
|a Quentin Smith proti Wiliamovi Craigovi
|
| 250 |
|
|
|a 1. vyd.
|
| 260 |
|
|
|a Trnava
|b Dobrá kniha
|c 2012
|
| 300 |
|
|
|a 252 s.
|c 21 cm
|
| 504 |
|
|
|a Bibliogr. odkazy. Bibliogr. s. 239-252. Pozn.
|
| 650 |
0 |
7 |
|a kozmológia
|2 SNKPH
|9 732
|
| 650 |
0 |
7 |
|a vesmír
|2 SNKPH
|9 1770
|
| 650 |
0 |
7 |
|a náboženské aspekty
|2 SNKPH
|9 3858
|
| 650 |
0 |
7 |
|a stvorenie sveta
|2 SNKPH
|9 1984
|
| 650 |
0 |
7 |
|a veda a viera
|2 SNKPH
|9 4337
|
| 650 |
0 |
7 |
|a Cosmology
|2 SNKPHeng
|9 277449
|
| 650 |
0 |
7 |
|a Universe
|2 SNKPHeng
|9 310664
|
| 650 |
0 |
7 |
|a Religious aspects
|2 SNKPHeng
|9 313771
|
| 650 |
0 |
7 |
|a Creation
|2 SNKPHeng
|9 462395
|
| 650 |
0 |
7 |
|a Science and belief
|2 SNKPHeng
|9 276184
|
| 650 |
0 |
7 |
|a filozofické aspekty
|2 SNKPH
|9 3844
|
| 650 |
0 |
7 |
|a Philosophical aspects
|2 SNKPHeng
|9 288908
|
| 655 |
|
7 |
|a monografie
|2 SNKPH
|9 70139
|
| 655 |
|
7 |
|a Monographs
|2 SNKPHeng
|9 120675
|
| 919 |
|
|
|a 978-80-7141-735-4
|
| 958 |
|
|
|a NB
|
| 968 |
|
|
|d 1
|
| 999 |
|
|
|c 923770
|d 925700
|
| 952 |
|
|
|a SNK
|b SNK
|y PREZ
|7 0
|p 17A0993391
|o snkSC 149517
|i snk2012/9648
|8 0
|0 0
|1 0
|4 0
|d 2012-05-21
|l 0
|r 2025-07-18 00:00:00
|w 2026-02-24
|
| 952 |
|
|
|a SNK
|b SNK
|y VYP
|7 0
|p 17A0993390
|o snkSC 149517 D1
|i snk2012/9649
|8 0
|0 0
|1 0
|4 0
|d 2012-05-21
|f 1
|l 0
|r 2026-02-24 08:23:43
|w 2026-02-24
|